[Event "RUS-ch 53rd"]
[Site "Samara"]
[Date "2000.06.21"]
[Round "5"]
[White "Ikonnikov, Vyacheslav"]
[Black "Smikovski, Ivan"]
[Result "1-0"]
[WhiteElo "2550"]
[BlackElo "2492"]
[Annotator "Krasenkow,M"]
[PlyCount "119"]
[EventDate "2000.06.03"]
[EventType "swiss"]
[EventRounds "11"]
[EventCountry "RUS"]
[SourceTitle "CBM 078"]
[Source "ChessBase"]
[SourceDate "2000.10.18"]
[SourceVersion "1"]
[SourceVersionDate "2000.10.18"]
[SourceQuality "1"]

1. d4 Nf6 2. c4 g6 3. Nc3 d5 4. cxd5 Nxd5 5. e4 Nxc3 6. bxc3 Bg7 7. Be3 c5 8.
Rc1 Qa5 9. Qd2 cxd4 10. cxd4 Qxd2+ 11. Kxd2 O-O 12. Nf3 Nc6 13. Bb5 Rd8 (13...
f5 {is classic but the text is quite playable, too.}) 14. Bxc6 bxc6 {[%cal
Re7e5]} 15. Rc5 ({After} 15. Rxc6 Bb7 16. Rc7 Bxe4 {Black has an excellent
position:} 17. Rxe7 Bd5 18. Rc1 Bf8 (18... Bxa2 19. Ra1 Bd5 20. Raxa7 Rxa7 21.
Rxa7 Bxf3 22. gxf3 Bxd4 {1/2-1/2 Koskinen,H-Rychagov,A/FIN-chT 1991 (46)}) 19.
Rec7 Bd6 20. R7c2 Ba3 21. Rd1 a5 22. Ke2 Rdc8 23. Rxc8+ Rxc8 24. Nd2 Rc2 25.
Kd3 Rxa2 {Nordahl,H-Beshukov,S/Gausdal PG 1994/0-1 (63)}) (15. Rhd1 {is less
active than the text move:} Be6 (15... e5 16. Ke1 exd4 17. Nxd4 Re8 18. Nxc6
Rxe4 19. Rd8+ Bf8 20. Nxa7 Bb7 21. Rxa8 Bxa8 22. Rc8 Bd5 23. a3 Kg7 24. Rd8 Bb7
25. Nb5 Bc5 26. Kd2 Bxe3+ 27. fxe3 Rh4 28. Nd6 Bxg2 29. Rd7 Rxh2 30. Rxf7+ {
Zietlow,T-Heuermann,H/NRW-I 1996/1/2-1/2 (59)}) (15... f5 16. exf5 Bxf5 17.
Rxc6 Be4 18. Rc7 Bxf3 19. gxf3 Kf7 $6 (19... Bxd4 20. Ke2 $14) 20. Kd3 Rd6 21.
Rd2 Ra6 22. f4 Rd8 23. Kc4 Ra4+ 24. Kb5 Ra3 25. Kb4 Ra6 26. d5 Rb8+ 27. Kc4 Ra3
28. Rxe7+ Kf8 29. d6 Rc8+ 30. Kd5 {1-0 Shipov,S-Hasangatin,R/RUS-chT Podolsk
1992}) 16. Rxc6 Bxa2 17. Ra1 Be6 18. Ra5 Rdc8 19. Rxc8+ Bxc8 20. d5 Bb7 21. Bd4
f5 22. Bxg7 Kxg7 23. Nd4 fxe4 24. Ke3 Kf6 25. Kxe4 Rd8 26. Ne6 Rxd5 27. Rxa7
Rb5+ {0-1 Duchov,A-Labunsky,D/RUS-chT Podolsk 1993 (41)}) 15... f5 {Other
possibilities:} (15... Bb7 16. Rb1 Rd7 17. Ke1 Rad8 18. e5 Ba8 19. Ng5 Rb7 20.
Rxb7 Bxb7 21. f3 Rd5 22. Ne4 f6 23. exf6 exf6 24. g4 Rxc5 25. Nxc5 Bc8 26. Kd2
Bf8 27. Bf4 Kf7 28. Bb8 Bxc5 29. dxc5 a6 30. Kc3 Be6 31. a3 Bd5 32. f4 Ke6 33.
Kb4 f5 34. g5 Kd7 35. Bd6 Be4 36. Ka5 Bd3 37. Kb6 Be2 {1/2-1/2 Foisor,
O-Chandler,M/Bucharest 1980}) (15... Rb8 16. Rhc1 (16. Ra5 Bg4 17. Kc3 Rb7 18.
Ne5 Be6 19. Nd3 Rc8 20. Nc5 Rb5 21. Rxb5 cxb5 22. Kb4 Bxa2 23. Kxb5 f5 24. Ra1
a6+ 25. Kxa6 fxe4 26. Kb7 Rxc5 27. Rxa2 Rd5 28. Kc6 Rd6+ 29. Kc5 Bf8 30. Ra8
Kf7 31. d5 Bg7 32. Bf4 Rd8 {1-0 Hoi,C-Erlandsen,C/Politiken Cup 2000}) 16... f5
(16... Rb2+ 17. R1c2 Rxc2+ 18. Kxc2 Bb7 19. Kc3 e6 20. Nd2 f5 21. Ra5 f4 22.
Bxf4 Bxd4+ 23. Kc2 Bxf2 24. g3 Bb6 25. Ra3 c5 26. Be3 Kf7 27. Rc3 Rc8 28. Kd3
Ba6+ 29. Kc2 Bb5 30. Nc4 Bxc4 31. Rxc4 Ke7 32. Kd3 Kd6 33. Bf4+ Kc6 34. a4 Rd8+
35. Kc2 Rd4 36. Kb3 Ba5 37. Be3 Rd3+ 38. Kc2 Rxe3 {0-1 Safjanovskij,M-Szitkey,
M/SVK-chT 1994}) 17. Ne5 Bd7 18. exf5 gxf5 19. Nxd7 Rxd7 20. Rxf5 Bxd4 21. Bxd4
Rxd4+ 22. Ke3 Rd6 23. Rc2 Re6+ 24. Kf3 Rb5 25. Rfc5 Rf6+ 26. Ke2 Kf7 27. g3 Rb1
28. h4 Rb5 29. Kf1 Rb6 30. Ra5 {Lezcano Jaen,P-Sion Castro,M/ESP-chT 1990/1/
2-1/2 (60)}) (15... Be6 16. Ra5 f5 17. Rc1 fxe4 18. Ne5 Rd5 19. Rxd5 cxd5 20.
Rc7 Bf6 21. Nc6 Kf7 22. Nxa7 Ke8 23. Rb7 Bc8 24. Nxc8 Rxc8 25. Rb5 e6 26. Rb6
Ra8 27. Rxe6+ Kf7 28. Rd6 Rxa2+ 29. Kc3 Ra3+ 30. Kc2 Rd3 31. Rxd5 Ke6 32. Ra5
Bxd4 33. Ra4 Ke5 34. Ra5+ Ke6 {1/2-1/2 Hoi,C-Neverov,V/Copenhagen op 1994}) (
15... e6 16. Rb1 Bd7 17. Ra5 Be8 18. Rb7 h6 19. Ke2 f5 20. exf5 gxf5 21. Raxa7
Rxa7 22. Rxa7 Bh5 23. Re7 Rd6 24. Bf4 Rd5 25. Rxe6 Rxd4 26. Bxh6 Re4+ 27. Rxe4
fxe4 28. Bxg7 exf3+ 29. gxf3 Kxg7 30. a4 {Goormachtigh,J-Van Beek,L/Belgian
Interteam 1999/0-1 (42)}) 16. exf5 (16. e5 Be6 17. Rxc6 Bxa2 18. Rc7 Bd5 19.
Rxe7 Kf8 20. Rc7 Bxf3 21. gxf3 Bxe5 22. Rxh7 f4 23. Ke2 Bg7 24. Bxf4 Rxd4 25.
Be3 Ra4 26. Rc1 Kg8 27. Rh3 Ra2+ 28. Kf1 Ra1 29. Rh4 {1/2-1/2 Piza,V-Banas,J/
CSR-ch Bratislava 1991}) (16. Rb1 fxe4 17. Ne5 Bxe5 18. Rxe5 Kf7 {1/2-1/2
Manninen,M-Rytshagov,M/Gausdal AC 1991}) (16. Rhc1 Be6 17. Ne5 fxe4 18. Bf4
Rxd4+ 19. Ke3 Ra4 20. Rxc6 Ra3+ 21. R1c3 Rxc3+ 22. Rxc3 Bxa2 23. Ra3 Bxe5 24.
Bxe5 Bc4 25. Ra5 a6 {1/2-1/2 Olafsson,H-Kudrin,S/Philadelphia World op 1991}) (
16. Ne5 f4 17. Bxf4 Rxd4+ 18. Ke3 Ra4 19. Rd1 (19. Rhc1 Ra3+ 20. Kd2 Rxa2+ 21.
R1c2 Rxc2+ 22. Kxc2 Bb7 23. Nxc6 Bf8 24. Be3 e6 25. Rc3 Rc8 26. Nxa7 Bxe4+ 27.
Kd2 Rb8 28. f3 Rb2+ 29. Kc1 Rb1+ 30. Kd2 Bd5 31. Rc8 Kf7 32. Nc6 Bd6 33. Bd4
Bf4+ {Dumitrache,D-Lupu,M/Odorheiu Secuiesc op 1993/0-1 (63)}) 19... Ba6 20. f3
Rxa2 21. Rd2 Rxd2 22. Kxd2 Rd8+ 23. Ke3 Bxe5 24. Bxe5 {1/2-1/2 Olafsson,
H-Shustef/New York op 1992}) (16. h4 $5 fxe4 17. Ne5 Rd5 $2 (17... Bxe5 18.
Rxe5 Kf7 $11 {Ftacnik,L}) 18. Nxc6 Rxc5 19. dxc5 Be6 20. Rb1 Kf8 21. Rb7 Bd5
22. Rc7 Bxa2 23. Rxa7 Rxa7 24. Nxa7 {Hillarp Persson,T-Moberg,K/Excelsior Cup
Goteborg 1997/1-0 (42)-CBM57}) 16... Bxf5 17. Ne5 {The endgame is equal, of
course, but it doesn't mean drawn! GM V.Ikonnikov confidently outplays his
less experienced opponent.} Bxe5 $6 (17... Be4 $5 18. f3 Bd5 19. Kc3 Bxe5 20.
dxe5 Bxa2 21. Ra5 {1/2-1/2 Fahnenschmidt,G-Fischer,M/Baden Baden op 1991}) 18.
Rxe5 Rab8 19. Kc3 Rb7 {Black will not be able to make use of the b-file
because of the poor position of his bishop. However, if} (19... Rd5 {then} 20.
Rxe7 $1 (20. Rd1 Kf7 21. Rd2 Rbb5 {1/2-1/2 Ikonnikov,V-Neverov,V/URS-chT Azov
1991}) 20... Ra5 21. Ra1 Ra3+ 22. Kd2 (22. Kc4 $2 Rb5 23. Rd1 Bb1 $19) 22...
Rb2+ 23. Ke1 Raxa2 24. Rxa2 Rxa2 25. Bh6 $16 {[%csl Rg8]}) 20. Bg5 Rdb8 21.
Rhe1 Rb2 (21... e6 22. h3 h5 23. f3 {and Black has to play} Rb2 24. R1e2 Rxe2 {
anyway.}) 22. R1e2 Rxe2 23. Rxe2 e6 24. a4 Kf7 25. Re5 Bb1 {[%cal Yb1a2,Ya2d5]}
26. Re2 Rb7 27. f3 Rb8 28. Bf4 Rb7 29. Bd6 $1 g5 {When defending such
positions, it is not advisable to put pawns on the squares of the opponent's
bishop's colour. However, White was threatening} (29... Z0 30. Bb4 Z0 {and} 31.
Rb2) 30. Re5 $1 Rd7 31. Bb4 Rd5 32. Re2 $1 Bf5 33. Bc5 {A nice manoeuvre - and
the b-file is in White's hands! Besides, the a7 pawn is hanging. Black,
however, decides to give it up.} e5 34. Bxa7 exd4+ (34... Ra5 $2 35. Rxe5) 35.
Bxd4 c5 36. Be5 Rd3+ 37. Kb2 Rd7 38. a5 Bd3 39. Re1 Ra7 40. Bc3 Rb7+ 41. Kc1 {
An interesting decision. After the rook exchange the endgame is dangerous for
Black, not least because of his g5 pawn on a dark square! But is it winning?} (
41. Ka2 $5 Bc4+ 42. Ka1 Rb3 43. Bd2) 41... Rb1+ 42. Kd2 Rxe1 43. Kxe1 h5 $2 {
A blunder that leads to a loss of another pawn and greatly simplifies White's
task. What would have happened otherwase? The black king can't both prevent
the invasion of his white counterpart and protect his kingside pawns. It is
important that White can attack the c5 pawn forcing ...c5-c4 and thus closing
an important diagonal for the black bishop. Therefore Black should put his
bishop on b7 aiming for ...h5 and ...g4 when the white king goes to d4. White,
however, can play g3 and h4 or f4, creating the passed f-pawn and keeping
another pawn pair on the kingside. I encourage you, dear Reader, to analyse
this interesting endgame. My opinion: it is winning for White!} 44. Bd2 g4 45.
Be3 Ba6 (45... c4 $2 46. a6 {and the pawn queens!}) 46. Bxc5 Ke6 47. Kf2 Kf5
48. h4 $1 {This is the gold pawn! Without it, Black could bring his king to
the q-side and give up his bishop for White's last kingside pawn, reaching a
draw due to the "wrong" bishop.} Bb5 49. Bd6 Ba6 50. Bb8 Bb5 51. Ke3 Bf1 52.
fxg4+ Kxg4 (52... hxg4 53. g3 $18) 53. g3 Kf5 54. Kd4 Ke6 55. Kc5 Kd7 56. Kb6
Be2 57. a6 Bf1 58. a7 Bg2 59. Be5 Ke6 60. Bd4 (60. Bd4 Kd7 61. g4 $1 hxg4 62.
h5 $18) 1-0

[Event "Yerevan zt 1.5"]
[Site "Yerevan"]
[Date "2000.06.07"]
[Round "1"]
[White "Halkias, Stelios"]
[Black "Lputian, Smbat G"]
[Result "1/2-1/2"]
[WhiteElo "2482"]
[BlackElo "2605"]
[Annotator "Krasenkow,M"]
[PlyCount "74"]
[EventDate "2000.06.07"]
[EventType "swiss"]
[EventRounds "9"]
[EventCountry "ARM"]
[SourceTitle "CBM 078"]
[Source "ChessBase"]
[SourceDate "2000.10.18"]
[SourceVersion "1"]
[SourceVersionDate "2000.10.18"]
[SourceQuality "1"]

1. d4 Nf6 2. c4 g6 3. Nc3 d5 4. cxd5 Nxd5 5. e4 Nxc3 6. bxc3 Bg7 7. Nf3 c5 8.
Rb1 O-O 9. Be2 Nc6 10. d5 Bxc3+ {This acceptance of the pawn sacrifice is
considered risky for Black; however, in the present game GM S.Lputian finds a
new defensive idea.} 11. Bd2 Bxd2+ 12. Qxd2 Na5 13. h4 Bg4 14. h5 Bxf3 15. gxf3
e5 (15... e6 16. Qh6 Qf6 17. hxg6 Qxg6 18. Qh2 Kh8 19. Kd2 f6 20. Rbg1 Qf7 21.
dxe6 $16 {Bjarnason,S-Gruenberg,R/Biel 1985}) 16. hxg6 (16. Qc3 $6 {is a wrong
direction as the queen should rather take part in the kingside attack:} Re8 17.
hxg6 fxg6 18. Qxc5 (18. Bb5 Re7 19. d6 Re6 20. Rd1 Qb6 21. a4 Rd8 (21... a6 22.
Qd2 Rf6 23. Qd5+ Kg7 24. Qxe5 Raf8 25. Qg5 Kg8 26. Qd5+ Kh8 27. e5 Rf5 28. d7
Nc6 29. Bxc6 bxc6 30. Qe4 Qc7 31. e6 Re5 32. e7 {1-0 Damljanovic,B-Lin Ta/WchT
Luzern 1989}) 22. f4 Rexd6 23. Rb1 Rd4 {-+ Lalic,B-Ubilava,E/Varna 1985}) 18...
b6 19. Qe3 Rc8 20. Rc1 (20. Ba6 {>=}) 20... Rxc1+ 21. Qxc1 Qe7 $2 (21... Nb7 {
/\ Nc5-/+, Timman,J.}) 22. Ba6 $1 $13 Rf8 23. Qc3 Qf6 24. Bc8 h5 25. Rg1 Kh7
26. Rg3 Kh6 27. a4 $2 (27. Ke2) 27... Nc6 $1 $17 {Kamsky,G-Timman,J/Linares
1991/1/2-1/2 (52)}) (16. d6 $5 {,before the exchange on g6, has not yet been
tried}) (16. f4 {is somewhat premature:} exf4 (16... Re8 17. hxg6 fxg6 18. d6
exf4 19. Qd5+ Kg7 20. Rxb7+ Nxb7 21. Qxb7+ Kf6 22. Rxh7 Rf8 23. Qg7+ Ke6 24.
Bc4+ Kxd6 {1-0 Shariyazdanov,A-Lukinov,P/Zepter Open, Minsk BLR 1998}) 17. Qxf4
(17. hxg6 fxg6 18. d6 b6 19. Qd5+ Kg7 20. Rd1 f3 21. Ba6 {1/2-1/2 Danner,
G-Doncevic,D/Budapest Elekes 1985}) 17... Qe7 18. f3 Rae8 19. Bb5 Qe5 20. Qxe5
Rxe5 21. Bd3 Rfe8 22. Kf2 g5 23. Rbg1 Kf8 24. h6 c4 25. Bb1 f6 {1/2-1/2
Tyomkin,D-Vydeslaver,A/Rishon le Zion YM-IM 1995}) (16. Qh6 $5 {is interesting
to provoke ...g6-g5 and then break through by means of f3-f4 and Bg4-f5(e6):}
g5 17. Rg1 (17. f4 exf4 18. Bg4 Qe7 19. Bf5 f6 20. d6 Qg7 21. Qxg7+ Kxg7 22.
h6+ Kh8 23. O-O b6 24. Rfd1 Nc6 25. Rbc1 Rfd8 26. d7 Ne5 27. Rd6 Rf8 28. Rcd1
Rad8 29. Re6 Nf3+ 30. Kf1 Nd4 31. Rxd4 {1/2-1/2 Bielicki,B-Peters,A/Sachsen-ch
Gruenheide 1996}) 17... f6 18. f4 exf4 19. e5 $1 Qe7 (19... Kh8 $5) 20. exf6
Qxf6 21. Rxg5+ (21. Qxg5+ Kh8 22. h6 Qxg5 23. Rxg5 Rf6 24. Bf3 Rd8 25. Kf1 Re8
26. d6 Rxd6 27. Rxc5 b6 28. Rc7 a6 29. a4 Rxh6 30. Rb4 Rhe6 31. Rxf4 R6e7 32.
Rxe7 Rxe7 33. Rb4 Re6 34. Be2 Nb7 35. Bxa6 Nc5 36. Be2 Kg7 {1/2-1/2 Brull,
C-Sion Castro,M/Palma de Mallorca 1991}) 21... Kh8 22. Qxf6+ Rxf6 23. Kd2 Re8
24. Rbg1 c4 25. Bf3 Rd6 26. Rg7 Red8 27. Be4 R6d7 28. h6 Nc6 29. Kc3 Ne5 30.
Bf5 Rf7 31. Rxf7 Nxf7 32. Rg7 Rf8 33. Rxh7+ Kg8 34. Rg7+ Kh8 35. Be6 Nd6 36.
Kd4 c3 37. Kxc3 Rf6 38. Rd7 Ne4+ 39. Kd4 Nxf2 40. Rxb7 f3 41. Rf7 Rxf7 42. Bxf7
Ng4 43. d6 Nxh6 44. Bc4 f2 45. d7 Nf7 46. Bxf7 f1=Q 47. d8=Q+ Kg7 48. Qg8+ Kf6
49. Qg6+ Ke7 50. Bc4 Qf2+ {Karason,A-Rytshagov,M/Gausdal AC 1991/1-0 (70) This
line needs further tests, which will certainly follow if the main line proves
insufficient for an advantage.}) 16... fxg6 17. d6 (17. Qc3 {is not
appropriate here either:} Re8 18. Rd1 (18. Kd2 Qg5+ 19. Kc2 b6 20. Rbg1 Qf6 21.
f4 Qxf4 22. Qh3 Qf7 23. Rh2 Kh8 24. Bg4 Re7 25. Be6 Qf6 26. Qh6 Nc6 27. Rxg6
Nd4+ 28. Kb1 Qf3 29. Qg5 Qxe4+ 30. Kb2 Qc2+ 31. Ka1 Qc3+ 32. Kb1 Qb4+ 33. Kc1
Nxe6 34. Qf6+ Ng7 35. Qxe7 Qc3+ {0-1 Szabo,Z-Ilincic,Z/Budapest Spring op 1990}
) (18. Qxc5 b6 19. Qe3 Rc8 20. Rc1 Rxc1+ 21. Qxc1 Qe7 22. Ba6 $1 Rf8 23. Qc3
Qf6 24. Bc8 $1 h5 25. Rg1 Kh7 26. Rg3 Kh6 27. a4 Nc6 $1 28. Qc1+ g5 $6 (28...
Kh7 29. Bf5 gxf5 30. dxc6 f4 $17 {Timman,J}) 29. Rxg5 $1 Qxg5 30. Qxc6+ Qg6 31.
Bf5 Qf6 $8 32. d6 Rd8 33. Qc1+ Kg7 34. Qc7+ Kf8 35. d7 {Kamsky,G-Timman,J/
Linares 1991/1/2-1/2 (52)}) 18... Qb6 19. f4 exf4 20. Qh3 Qc7 21. d6 Qg7 22. d7
Rf8 23. Qe6+ Kh8 24. Rd3 f3 25. Rxf3 Rxf3 26. Bxf3 Nc6 27. Kf1 Rf8 28. Kg2 Rxf3
29. Rd1 Rf8 30. f4 Rd8 31. Rd5 Qe7 32. f5 Qxe6 33. fxe6 Kg7 {0-1 Onischuk,
A-Mowsziszian,K/Cuxhaven op 1993}) 17... b6 {Black must protect his knight and
his c5 pawn. If} (17... Rf6 {then} 18. Qd5+ Kh8 (18... Kg7 19. Qxe5 Qxd6 20.
Qc3 Qc7 21. Rxh7+ Kxh7 22. Qxf6 Re8 23. Bb5 Qe7 24. Qc3 Nc6 25. Bxc6 bxc6 26.
Ke2 g5 27. Rc1 Qf7 28. Qxc5 g4 29. Rh1+ Kg8 30. Qg5+ Qg7 31. Rh8+ Kxh8 32. Qh5+
{1-0 Goormachtigh,J-Mohandessi,S/Belgian Interteams 1999-2000 2000}) 19. Qxe5
b6 (19... Qxd6 20. Qc3) 20. Rd1 Nc6 21. Qd5 Nd4 22. e5 Rf5 23. Rxd4 $1 cxd4 24.
Bd3 Rc8 25. Bxf5 Rc1+ 26. Ke2 Rxh1 27. e6 Qf6 28. d7 d3+ 29. Qxd3 Qb2+ 30. Qd2
Qb5+ 31. Bd3 Qe5+ 32. Be4 Qb5+ 33. Ke3 Qg5+ 34. f4 Rh3+ 35. f3 Qg1+ 36. Kd3
Qf1+ 37. Kc3 {1-0 Novikov,I-Danailov,S/Poznan 1985}) 18. Qd5+ Kg7 19. Qxe5+ Qf6
20. Qh2 {White provokes ...h7-h5 and after Qh2-g3 the h5 pawn will be hanging.}
(20. Qxf6+ $2 Rxf6 21. e5 Rf5 22. f4 Rxf4 23. Rh3 Re4 24. Re3 Rxe3 25. fxe3 Re8
26. Rd1 Kf7 27. Bg4 Rxe5 28. d7 Nb7 29. d8=Q Nxd8 30. Rxd8 Rxe3+ 31. Kf2 Ra3
32. Rd7+ Kf6 33. Rxh7 Rxa2+ 34. Ke3 a5 35. Be2 {Comas Fabrego,L-Sion Castro,M/
Alicante op2 1989/0-1 (49)}) (20. Qg3 $5 {deserves serious attention and needs
further tests. So far, there has been ony one game, which brought White an
easy victory:} Rad8 (20... Nc6 21. Qh3 $1 {[%cal Rh3h7,Rh3d7] -this is the
point behind 20.Qg3!}) 21. e5 Qf5 22. Rd1 Nc6 23. f4 Nd4 24. Rxd4 cxd4 25. Bd3
Qf7 26. f5 Rfe8 27. Rxh7+ $1 {1-0 Agrest,E-Tella,J/It 1998}) 20... h5 21. Rd1 (
21. Qg3 {is also possible but the rook will have to go to d1 anyway:} Nc6 $5 (
21... Rad8 22. Rd1 Nc6 23. Rxh5 Nd4 24. e5 Qe6 25. Rxd4 cxd4 26. Bd3 Rxf3 27.
Qxf3 gxh5 28. Qe4 Kf8 29. Qf4+ Qf7 30. Qh6+ Ke8 31. Qh8+ Qf8 32. Qxh5+ Qf7 33.
Qxf7+ Kxf7 34. Bc4+ {1-0 Genov,P-Donchev,D/BLG-ch 1992}) (21... Rae8 $5 22.
Rxh5 (22. Rd1 $2 Re5 $1 23. Kf1 Nc6 24. Rd5 Rxd5 25. exd5 Nd4 26. Rxh5 Nf5 $1
27. Qg4 Qxd6 28. Rg5 Nh6 $6 (28... Rh8 $1 29. f4 Qf6 $17 {Franko,Z}) 29. Qa4
Qf4 30. Qxf4 Rxf4 31. Bd3 Nf5 $2 32. Rg4 $1 Rxg4 33. fxg4 Nd6 34. g5 c4 35. Bc2
Nb5 $1 36. f4 Nd4 37. d6 Kf7 38. d7 Ke7 39. Bxg6 Kxd7 40. Kf2 c3 41. Ke3 c2 42.
Kd2 c1=Q+ 43. Kxc1 Ne2+ 44. Kd2 Nxf4 45. Bf5+ Ke7 46. Kc3 Ne6 47. g6 Kf6 48.
Bxe6 Kxe6 49. Kc4 Kf6 50. Kb5 Kxg6 51. a4 Kf6 52. Ka6 Ke7 53. Kxa7 Kd7 {
1/2-1/2 Kortschnoj,V-De la Villa Garcia,J/Leon 1994}) (22. d7 $5) 22... Qc3+
23. Kf1 Rxe4 24. d7 $5 $16 {Garcia Ilundain,D} Rxe2 $140 25. d8=Q $1) (21...
Nc4 $2 22. Rc1 $1 Ne5 23. Rxh5 $16) 22. Rd1 {-21.Rd1} (22. Rxh5 $6 Rh8 23. e5
Qe6 24. Rg5 Rh1+ 25. Bf1 Nd4 26. d7 Rg1 {0-1 Kornev,A-Kalantarian,N/Kstovo op
1994})) 21... Nc6 (21... Nc4 22. Bxc4 Qc3+ 23. Kf1 Qxc4+ 24. Kg2 Rad8 25. Qe5+
Kg8 26. Rd5 Rf7 27. Rh3 Rdd7 28. Rg3 Rg7 29. Qe6+ {1-0 Kramnik,V-Ivanchuk,V/
Paris PCA-Intel GP 1995}) 22. Qg3 (22. Rd5 $5 {Anticipating ...Nc6d4, the rook
enters the game.} Nd4 23. Qg3 Nxf3+ 24. Kf1 Qc3 25. Kg2 Ne1+ 26. Kh2 Qxg3+ 27.
Kxg3 Nc2 28. e5 Nd4 29. Rxd4 cxd4 30. e6 {The white pawns look formidable but
somehow they failed to reach their final destination:} Rfd8 31. d7 Kf6 32. Bc4
b5 33. Bb3 a5 34. Rh4 Ke5 35. Kf3 Rf8+ 36. Ke2 a4 {Bu Xiangzhi-Kalantarian,N/
New York Open 2000/0-1 (52). However, this line doesn't look so unfavourable
for White as the above game might suggest. Further analysis is required.})
22... Nd4 $146 {Black gives up his h5 pawn but his knight takes the important
d4 square, shutting up the d1 rook.} (22... Rae8 23. Rxh5 Qc3+ (23... Rh8 24.
d7 $1 Rd8 25. Rd6 $18 {Gelfand,B}) 24. Kf1 Rxe4 25. Bd3 Re6 26. Rh7+ $1 Kxh7
27. Qh3+ Kg7 28. Qxe6 Ne5 29. d7 Nxd3 30. Qe7+ Rf7 31. d8=Q {1-0 Etchegaray,
P-Milesi,L/Cannes opB18th 1997}) (22... Kh6 23. Rd5 Nb4 (23... Rae8 24. f4 Qa1+
$8 25. Rd1 Qf6 26. Rd5 Qa1+ 27. Rd1 Qf6 28. f3 $1 Nd4 29. f5 gxf5 $5 (29... g5
$4 30. Rxh5+ {1-0 Gelfand,B-Stohl,I/Tilburg 1992}) 30. d7 $1 Re6 31. f4 $3 Nxe2
32. Kxe2 Qb2+ (32... Rxe4+ 33. Kf2 Qb2+ 34. Kg1 Qf6 35. Qg5+ $18) 33. Kf1 Qb5+
34. Qd3 $1 Qxd3+ 35. Rxd3 Rd8 36. e5 {/\ Rdh3+-, Gelfand,B}) (23... Nd4 24. f4
Nxe2 25. Qg5+ $16) 24. Re5 $1 (24. Rdxh5+ $2 gxh5 25. f4 Nc2+ 26. Kd2 Qd4+ 27.
Kxc2 Qxe4+ 28. Bd3 Qa4+ $10 {Gelfand,B}) 24... Nc2+ (24... Nc6 25. Rexh5+ $1
gxh5 26. f4 Qa1+ 27. Bd1 Rf5 28. Rg1 $1 Qf6 29. exf5 $18 {Gelfand,B}) 25. Kf1
Nd4 26. f4 Nxe2 27. Kxe2 Rad8 (27... Qxf4 28. Rhxh5+ $1 gxh5 29. Re6+ $18) (
27... Rae8 28. Ke3 $1 Rxe5 29. fxe5 Qe6 30. Rg1 $1 {/\ f4-f5+-, Chernin,A}) 28.
Qg4 (28. f5 $1 Rxd6 29. fxg6 Kg7 30. Rhxh5 Rfd8 31. Rhf5 $18 {Chernin,A}) 28...
Rxd6 (28... Qxd6 $1 {Chernin,A}) 29. Rexh5+ Kg7 30. Rh7+ Kg8 31. e5 Qe6 32.
Qxe6+ Rxe6 33. Ke3 c4 34. Ke4 Rc6 35. Kd5 Rc5+ 36. Ke6 g5 37. Rh8+ Kg7 38.
R8h7+ Kg8 39. Rh8+ Kg7 40. R1h7+ Kg6 {1-0 Chernin,A-Stohl,I/Pardubice 1993})
23. Rxh5 Rh8 24. Rd5 Ne6 $1 {An interesting idea: the f4 point is more
important than d4!} (24... Rh1+ $2 25. Kd2 $16 {but after the text move 25...
Rh1 is threatened.}) 25. e5 (25. Qe5 $2 Qxe5 26. Rxe5 Kf6 27. Red5 Nf4) 25...
Qf4 $1 26. Qg4 (26. Qxf4 $2 Nxf4 27. R5d2 $2 Rh1+ 28. Bf1 Rah8 $19) (26. Bf1
Rh1) 26... Rh1+ 27. Bf1 Kf7 28. d7 Rd8 {Black has created a kind of fortress,
which White fails to overcome.} 29. Qxf4+ Nxf4 30. Rd6 Ke7 31. Kd2 Rh4 32. Kc3
(32. Ke3 Ne6 {[%cal Ye6d4]}) 32... Rh5 33. Rf6 Rf5 34. Rxf5 gxf5 35. Bb5 Ke6
36. Re1 Nd5+ 37. Kb3 Nf4 1/2-1/2